00204nam a2200073Ia 4500082001800000245004400018100002700062008004100089 a839.3618 MYOU 0aMy ousie is 'n blom : eie stembuigings  a Naude, Charl-Pierre 210825s9999 xx 000 0 und d